Technology of engineering materials (Record no. 59591)

MARC details
000 -LEADER
fixed length control field 00622nam a2200169 a 4500
008 - FIXED-LENGTH DATA ELEMENTS--GENERAL INFORMATION
fixed length control field 190521s2002 ||||||||||||||||| || u
010 ## - LIBRARY OF CONGRESS CONTROL NUMBER
LC control number 2004315767
020 ## - INTERNATIONAL STANDARD BOOK NUMBER
International Standard Book Number 9780750656436
050 ## - LIBRARY OF CONGRESS CALL NUMBER
Classification number TA 403 Phi
100 ## - MAIN ENTRY--PERSONAL NAME
Personal name Bolton, W
245 10 - TITLE STATEMENT
Title Technology of engineering materials
Statement of responsibility, etc. Mathew Philip, Bill Bolton
260 ## - PUBLICATION, DISTRIBUTION, ETC.
Place of publication, distribution, etc. Oxford
Name of publisher, distributor, etc. Butterworth-Heinemann
Date of publication, distribution, etc. 2002
300 ## - PHYSICAL DESCRIPTION
Extent viii, 471 pages : illustrations
650 #0 - SUBJECT ADDED ENTRY--TOPICAL TERM
Topical term or geographic name entry element MATERIALS
700 ## - ADDED ENTRY--PERSONAL NAME
Personal name Philip, Mathew
995 ## - RECOMMENDATION 995 [LOCAL, UNIMARC FRANCE]
-- CBU-MAIN LIBRARY (Kitwe)
-- 37.73
-- 1
-- AVAILABLE
-- May 21, 2019
-- Main Library Open Access Collection
Holdings
Withdrawn status Lost status Source of classification or shelving scheme Damaged status Not for loan Home library Current library Shelving location Date acquired Total Checkouts Full call number Barcode Date last seen Price effective from Koha item type
          CBU-MAIN LIBRARY, KITWE. CBU-MAIN LIBRARY, KITWE.   11/30/2022   TA 403 Phi 749106 11/30/2022 11/30/2022 MONOGRAPH